|
|
|
|
| LEADER |
01898nam a2200469 i 4500 |
| 001 |
EBC990703 |
| 003 |
MiAaPQ |
| 005 |
20200903223051.0 |
| 006 |
m o d | |
| 007 |
cr cnu|||||||| |
| 008 |
150205t20142014gw a ob 001 0 ger d |
| 020 |
|
|
|z 9783110300994
|
| 020 |
|
|
|a 9783110301007
|q (electronic bk.)
|
| 035 |
|
|
|a (MiAaPQ)EBC990703
|
| 035 |
|
|
|a (Au-PeEL)EBL990703
|
| 035 |
|
|
|a (CaPaEBR)ebr11010154
|
| 035 |
|
|
|a (CaONFJC)MIL783309
|
| 035 |
|
|
|a (OCoLC)890089565
|
| 040 |
|
|
|a MiAaPQ
|b eng
|e rda
|e pn
|c MiAaPQ
|d MiAaPQ
|
| 050 |
|
4 |
|a HB74.5
|b .P53 2014
|
| 082 |
0 |
|
|a 025.06/33
|2 23
|
| 100 |
1 |
|
|a Pianos, Tamara,
|e author.
|
| 245 |
1 |
0 |
|a Erfolgreich recherchieren.
|p Wirtschaftswissenschaften /
|c Tamara Pianos, Nicole Kruger.
|
| 264 |
|
1 |
|a Berlin, Germany :
|b De Gruyter Saur,
|c 2014.
|
| 264 |
|
4 |
|c 2014
|
| 300 |
|
|
|a 1 online resource (133 pages) :
|b illustations, tables.
|
| 336 |
|
|
|a text
|2 rdacontent
|
| 337 |
|
|
|a computer
|2 rdamedia
|
| 338 |
|
|
|a online resource
|2 rdacarrier
|
| 490 |
1 |
|
|a De Gruyter Studium,
|x 2194-3443
|
| 504 |
|
|
|a Includes bibliographical references and index.
|
| 588 |
|
|
|a Description based on print version record.
|
| 590 |
|
|
|a Electronic reproduction. Ann Arbor, MI : ProQuest, 2016. Available via World Wide Web. Access may be limited to ProQuest affiliated libraries.
|
| 650 |
|
0 |
|a Economics
|x Research.
|
| 650 |
|
0 |
|a Economics literature.
|
| 650 |
|
0 |
|a Economics
|x Information resources.
|
| 655 |
|
4 |
|a Electronic books.
|
| 700 |
1 |
|
|a Kruger, Nicole,
|e author.
|
| 776 |
0 |
8 |
|i Print version:
|a Pianos, Tamara.
|t Erfolgreich recherchieren. Wirtschaftswissenschaften.
|d Berlin, Germany : De Gruyter Saur, c2014
|h viii, 123 pages
|k De Gruyter Studium.
|z 9783110300994
|w 2014009842
|
| 797 |
2 |
|
|a ProQuest (Firm)
|
| 830 |
|
0 |
|a De Gruyter Studium.
|
| 856 |
4 |
0 |
|u https://ebookcentral.proquest.com/lib/matrademy/detail.action?docID=990703
|z Click to View
|